Sports Quiz

Random Sports Quiz

Stanford's Most-Played Opponents Quiz Stats

Quiz not verified by Sporcle

Challenge
Share
Tweet
Embed
Score 0/20 Timer 05:00
0 Plays Today
Number of meetings (Stanford's record) Team % Correct
114 (57-46-11)California
97.3%
90 (28-59-3)USC
96.8%
75 (44-30-1)Oregon
96.8%
82 (34-45-3)UCLA
96.3%
82 (38-40-4)Washington
96.3%
27 (13-14)Arizona
93.6%
79 (50-26-3)Oregon State
92%
62 (36-25-1)Washington State
92%
26 (9-17)Notre Dame
92%
27 (11-16)Arizona State
89.9%
Number of meetings (Stanford's record) Team % Correct
65 (50-14-1)San Jose State
76.6%
10 (3-6-1)Michigan
64.4%
10 (5-5)Army
43.1%
19 (16-1-2)Nevada
40.4%
7 (4-3)Air Force
31.4%
7 (6-1)Idaho
29.8%
10 (6-4)Illinois
28.2%
8 (8-0)San Francisco
24.5%
35 (22-11-2)Santa Clara
24.5%
8 (7-1)Tulane
11.7%

You're not logged in!

Compare scores with friends on all Sporcle quizzes.
Sign Up with Email
OR
Log In

You Might Also Like...

Show Comments

Extras

Top Quizzes Today


Score Distribution

Your Account Isn't Verified!

In order to create a playlist on Sporcle, you need to verify the email address you used during registration. Go to your Sporcle Settings to finish the process.